| 000 | 00805nam a22002177a 4500 | ||
|---|---|---|---|
| 003 | OSt | ||
| 005 | 20251215022916.0 | ||
| 008 | 251213b |||||||| |||| 00| 0 eng d | ||
| 020 | _a971-19-0128-5. | ||
| 040 |
_aDWCL-Admin lib _cOC |
||
| 082 | _aSC. 232.917 K269L 1992 | ||
| 100 | _aKeithley, June | ||
| 245 |
_aLipa : _bwith the original account of the events at Lipa Carmel in 1948 Mother Mary Cecilia of Jesus, OCD / _cJune Keithley |
||
| 260 |
_a Manila: _bCacho Publishing House, _cc1992. |
||
| 300 |
_a 220 p. ; _c22 cm. |
||
| 504 | _aIncludes appendix. | ||
| 650 | _a1. Mary, Blessed Virgin, Saint--Apparitions and miracles--Philippines--Lipa City. | ||
| 650 | _a2. Apparitions - Lipa. | ||
| 650 | _a3. Lipa City (Philippines)--Religious life and customs. | ||
| 942 |
_2ddc _cBK - FIL _kSC. _n0 |
||
| 999 |
_c7069 _d7069 |
||